[Event "DVM U16 2022"]
[Site "Darmstadt GER"]
[Date "2022.12.29"]
[Round "5"]
[White "Werling, Lasse"]
[Black "Beck, Felix"]
[Result "0-1"]
[Termination "normal"]
[Board "5.4"]
[WhiteElo "1500"]
[BlackElo "1535"]
[WhiteClock "00:27:24"]
[BlackClock "00:27:06"]
[WhiteTeam "SV Turm Lahnstein"]
[BlackTeam "Schachfreunde Nordost Berlin"]
[PlyCount "86"]
[WhiteFideId "16275080"]
[BlackFideId "16255364"]
[EventCountry "GER"]
[EventRounds "7"]
[EventType "team-swiss"]
[EventDate "2022.12.26"]

1. e4 {[%clk 1:30:56]} c6 {[%clk 1:30:52]} 2. d4 {[%clk 1:31:09]} d5 {[%clk
1:31:17]} 3. exd5 {[%clk 1:31:20]} cxd5 {[%clk 1:31:42]} 4. Bd3 {[%clk
1:31:23]} Nc6 {[%clk 1:31:27]} 5. c3 {[%clk 1:31:01]} Nf6 {[%clk 1:31:42]} 6.
Nf3 {[%clk 1:30:41]} Bg4 {[%clk 1:27:16]} 7. Bf4 {[%clk 1:24:26]} e6 {[%clk
1:25:00]} 8. Nbd2 {[%clk 1:23:14]} Be7 {[%clk 1:22:54]} 9. Qc2 {[%clk 1:21:02]}
Rc8 {[%clk 1:18:56]} 10. a3 {[%clk 1:17:14]} O-O {[%clk 1:18:35]} 11. Be5
{[%clk 1:10:27]} h6 {[%clk 1:13:04]} 12. h3 {[%clk 1:07:42]} Bxf3 {[%clk
1:12:45]} 13. Nxf3 {[%clk 1:07:51]} Nd7 {[%clk 0:47:30]} 14. Bh2 {[%clk
1:00:58]} a6 {[%clk 0:46:50]} 15. O-O {[%clk 0:59:25]} b5 {[%clk 0:46:35]} 16.
Qe2 {[%clk 0:53:20]} Nb6 {[%clk 0:37:21]} 17. Ne5 {[%clk 0:48:05]} Nxe5 {[%clk
0:36:33]} 18. Bxe5 {[%clk 0:46:46]} Nc4 {[%clk 0:33:15]} 19. Rfe1 {[%clk
0:40:35]} a5 {[%clk 0:26:09]} 20. Qg4 {[%clk 0:34:36]} Bf6 {[%clk 0:21:45]} 21.
Bxc4 {[%clk 0:28:23]} bxc4 {[%clk 0:22:02]} 22. Bf4 {[%clk 0:27:15]} Kh8 {[%clk
0:21:35]} 23. Qh5 {[%clk 0:24:50]} Kh7 {[%clk 0:18:17]} 24. Be5 {[%clk
0:17:05]} Bxe5 {[%clk 0:18:12]} 25. Qxe5 {[%clk 0:16:18]} Rb8 {[%clk 0:17:46]}
26. Re2 {[%clk 0:15:20]} Rb7 {[%clk 0:16:01]} 27. Qe3 {[%clk 0:13:17]} Qf6
{[%clk 0:13:37]} 28. g4 {[%clk 0:09:33]} Rfb8 {[%clk 0:12:59]} 29. Rb1 {[%clk
0:08:28]} Qg6 {[%clk 0:13:09]} 30. Qc1 {[%clk 0:08:06]} Rb3 {[%clk 0:13:26]}
31. Ra1 {[%clk 0:05:41]} Qd3 {[%clk 0:13:39]} 32. Re3 {[%clk 0:05:35]} Qg6
{[%clk 0:13:23]} 33. Re2 {[%clk 0:03:47]} R3b6 {[%clk 0:07:24]} 34. Kg2 {[%clk
0:02:36]} f5 {[%clk 0:04:39]} 35. f3 {[%clk 0:01:19]} fxg4 {[%clk 0:04:37]} 36.
hxg4 {[%clk 0:00:54]} Qd3 {[%clk 0:03:45]} 37. Kf2 {[%clk 0:00:42]} Rf8 {[%clk
0:02:15]} 38. Re3 {[%clk 0:00:42]} Qg6 {[%clk 0:02:26]} 39. Ke2 {[%clk
0:00:35]} Rfb8 {[%clk 0:02:43]} 40. Ra2 {[%clk 0:00:42]} h5 {[%clk 0:02:30]}
41. gxh5 {[%clk 0:29:02]} Qg2 {[%clk 0:27:18]} 42. Kd1 {[%clk 0:28:39]} Rxb2
{[%clk 0:27:01]} 43. Rxb2 {[%clk 0:27:24]} Rxb2 {[%clk 0:27:06]} 0-1

[Event "DVM U16 2022"]
[Site "Darmstadt GER"]
[Date "2022.12.29"]
[Round "5"]
[White "Buchinger, Alexis"]
[Black "Mimkes, Antal"]
[Result "0-1"]
[Termination "normal"]
[Board "6.1"]
[WhiteElo "1909"]
[BlackElo "1778"]
[WhiteClock "00:05:24"]
[BlackClock "00:08:08"]
[WhiteTeam "SF Neuberg"]
[BlackTeam "KSV Rochade Göttingen (Veltheim)"]
[PlyCount "74"]
[WhiteFideId "16287134"]
[BlackFideId "16265963"]
[EventCountry "GER"]
[EventRounds "7"]
[EventType "team-swiss"]
[EventDate "2022.12.26"]

1. e4 {[%clk 1:30:56]} e5 {[%clk 1:30:37]} 2. Nf3 {[%clk 1:31:18]} Nc6 {[%clk
1:30:19]} 3. Nc3 {[%clk 1:31:32]} Bb4 {[%clk 1:29:51]} 4. Nd5 {[%clk 1:31:11]}
Ba5 {[%clk 1:27:20]} 5. c3 {[%clk 1:30:31]} d6 {[%clk 1:25:49]} 6. Bc4 {[%clk
1:30:04]} Nf6 {[%clk 1:23:28]} 7. d3 {[%clk 1:29:42]} h6 {[%clk 1:21:28]} 8. a4
{[%clk 1:28:01]} a6 {[%clk 1:16:08]} 9. b4 {[%clk 1:26:23]} Bb6 {[%clk
1:16:04]} 10. Nxb6 {[%clk 1:26:36]} cxb6 {[%clk 1:16:14]} 11. Qb3 {[%clk
1:26:09]} O-O {[%clk 1:11:29]} 12. h3 {[%clk 1:25:04]} Ne7 {[%clk 1:03:18]} 13.
O-O {[%clk 1:22:40]} Ng6 {[%clk 1:00:08]} 14. Re1 {[%clk 1:20:52]} Nh5 {[%clk
0:57:57]} 15. Be3 {[%clk 1:18:53]} Nhf4 {[%clk 0:55:16]} 16. Kh2 {[%clk
1:11:25]} Qd7 {[%clk 0:49:06]} 17. Ng1 {[%clk 1:08:45]} Kh7 {[%clk 0:41:42]}
18. d4 {[%clk 0:57:38]} f5 {[%clk 0:37:55]} 19. dxe5 {[%clk 0:53:33]} dxe5
{[%clk 0:36:59]} 20. Rad1 {[%clk 0:52:55]} Qc6 {[%clk 0:32:41]} 21. Bxf4 {[%clk
0:48:33]} Nxf4 {[%clk 0:31:15]} 22. g3 {[%clk 0:45:43]} b5 {[%clk 0:28:51]} 23.
axb5 {[%clk 0:45:13]} axb5 {[%clk 0:29:10]} 24. Bf7 {[%clk 0:33:18]} Ne6 {[%clk
0:25:58]} 25. Nf3 {[%clk 0:27:46]} Rxf7 {[%clk 0:25:10]} 26. Nxe5 {[%clk
0:27:26]} Qb6 {[%clk 0:25:16]} 27. Qc2 {[%clk 0:24:39]} Rf6 {[%clk 0:23:50]}
28. exf5 {[%clk 0:23:37]} Ng5 {[%clk 0:23:21]} 29. g4 {[%clk 0:17:02]} Qc7
{[%clk 0:20:04]} 30. f4 {[%clk 0:16:46]} Nf7 {[%clk 0:17:20]} 31. Ng6 {[%clk
0:15:41]} Rfa6 {[%clk 0:13:41]} 32. Qb3 {[%clk 0:11:59]} Ra2 {[%clk 0:13:32]}
33. Kg3 {[%clk 0:10:33]} Qc6 {[%clk 0:07:07]} 34. Qxf7 {[%clk 0:07:18]} Qxc3
{[%clk 0:07:19]} 35. Kh4 {[%clk 0:07:28]} Qxh3 {[%clk 0:07:42]} 36. Kxh3 {[%clk
0:07:38]} R8a3 {[%clk 0:08:08]} 37. Kh4 {[%clk 0:05:24]} Rh2# 0-1

[Event "DVM U16 2022"]
[Site "Darmstadt GER"]
[Date "2022.12.29"]
[Round "5"]
[White "Tulchynsky, David"]
[Black "Eull, Emil"]
[Result "0-1"]
[Termination "normal"]
[Board "6.2"]
[WhiteElo "1617"]
[BlackElo "1969"]
[WhiteClock "00:43:52"]
[BlackClock "00:27:03"]
[WhiteTeam "KSV Rochade Göttingen (Veltheim)"]
[BlackTeam "SF Neuberg"]
[PlyCount "116"]
[WhiteFideId "16289560"]
[BlackFideId "16253809"]
[EventCountry "GER"]
[EventRounds "7"]
[EventType "team-swiss"]
[EventDate "2022.12.26"]

1. g3 {[%clk 1:30:46]} d5 {[%clk 1:30:46]} 2. Bg2 {[%clk 1:31:11]} Nf6 {[%clk
1:31:01]} 3. Nf3 {[%clk 1:31:40]} e6 {[%clk 1:31:17]} 4. O-O {[%clk 1:31:52]}
c5 {[%clk 1:31:30]} 5. d3 {[%clk 1:29:35]} Nc6 {[%clk 1:31:43]} 6. Nbd2 {[%clk
1:29:46]} Be7 {[%clk 1:31:29]} 7. c4 {[%clk 1:28:34]} d4 {[%clk 1:26:00]} 8.
Qb3 {[%clk 1:26:41]} e5 {[%clk 1:25:35]} 9. Ng5 {[%clk 1:24:16]} O-O {[%clk
1:24:58]} 10. Nge4 {[%clk 1:11:04]} Ne8 {[%clk 1:22:02]} 11. f3 {[%clk
1:04:19]} f5 {[%clk 1:21:52]} 12. Nf2 {[%clk 1:04:44]} Qc7 {[%clk 1:18:50]} 13.
Re1 {[%clk 1:04:15]} Bd7 {[%clk 1:11:53]} 14. Nf1 {[%clk 1:04:15]} Rd8 {[%clk
1:08:54]} 15. Bd2 {[%clk 1:02:26]} b6 {[%clk 1:05:05]} 16. Rad1 {[%clk
1:02:08]} f4 {[%clk 0:59:39]} 17. g4 {[%clk 0:52:41]} Nd6 {[%clk 0:58:42]} 18.
Qc2 {[%clk 0:51:17]} Ra8 {[%clk 0:54:22]} 19. Ra1 {[%clk 0:51:29]} Bh4 {[%clk
0:49:14]} 20. Reb1 {[%clk 0:51:36]} Rfb8 {[%clk 0:40:16]} 21. a3 {[%clk
0:45:27]} Rb7 {[%clk 0:36:48]} 22. b4 {[%clk 0:45:24]} Nd8 {[%clk 0:34:21]} 23.
Rb2 {[%clk 0:42:09]} a6 {[%clk 0:27:51]} 24. Rab1 {[%clk 0:39:56]} Rab8 {[%clk
0:26:32]} 25. Be1 {[%clk 0:32:44]} Bxf2 {[%clk 0:15:58]} 26. Kxf2 {[%clk
0:32:37]} g5 {[%clk 0:15:46]} 27. Nd2 {[%clk 0:28:30]} Ne6 {[%clk 0:14:05]} 28.
Nb3 {[%clk 0:26:57]} Ba4 {[%clk 0:13:30]} 29. Qd2 {[%clk 0:26:43]} Bxb3 {[%clk
0:10:38]} 30. Rxb3 {[%clk 0:27:06]} b5 {[%clk 0:09:54]} 31. cxb5 {[%clk
0:21:14]} Rxb5 {[%clk 0:06:47]} 32. Qa2 {[%clk 0:19:58]} c4 {[%clk 0:06:02]}
33. dxc4 {[%clk 0:20:17]} Qxc4 {[%clk 0:06:18]} 34. a4 {[%clk 0:20:21]} R5b7
{[%clk 0:05:32]} 35. R3b2 {[%clk 0:20:19]} Qxa2 {[%clk 0:05:45]} 36. Rxa2
{[%clk 0:20:44]} Rc8 {[%clk 0:05:46]} 37. Bf1 {[%clk 0:16:19]} Rb6 {[%clk
0:04:25]} 38. Kg2 {[%clk 0:15:34]} Nc4 {[%clk 0:03:07]} 39. Kg1 {[%clk
0:13:58]} Ne3 {[%clk 0:03:12]} 40. Bd2 {[%clk 0:14:14]} Rc4 {[%clk 0:02:49]}
41. Bxe3 {[%clk 0:14:07]} dxe3 {[%clk 0:00:49]} 42. Rab2 {[%clk 0:13:19]} Nd4
{[%clk 0:00:57]} 43. Kg2 {[%clk 0:11:57]} Kf7 {[%clk 0:00:51]} 44. Kg1 {[%clk
0:11:44]} h6 {[%clk 0:29:45]} 45. Kg2 {[%clk 0:41:57]} Ke6 {[%clk 0:30:04]} 46.
b5 {[%clk 0:41:42]} axb5 {[%clk 0:29:17]} 47. axb5 {[%clk 0:41:53]} Rc5 {[%clk
0:29:29]} 48. Ra2 {[%clk 0:42:17]} Rcxb5 {[%clk 0:29:23]} 49. Rxb5 {[%clk
0:42:37]} Nxb5 {[%clk 0:29:30]} 50. Rb2 {[%clk 0:42:49]} Kd5 {[%clk 0:29:37]}
51. h3 {[%clk 0:43:13]} Kc5 {[%clk 0:26:40]} 52. Rc2 {[%clk 0:43:28]} Kd4
{[%clk 0:27:01]} 53. Rc8 {[%clk 0:43:19]} Rd6 {[%clk 0:26:38]} 54. Rb8 {[%clk
0:43:24]} Na3 {[%clk 0:26:30]} 55. Rb3 {[%clk 0:43:36]} Nc4 {[%clk 0:26:22]}
56. Rd3 {[%clk 0:43:07]} Kc5 {[%clk 0:26:46]} 57. Rc3 {[%clk 0:43:32]} Rd1
{[%clk 0:26:59]} 58. Rd3 {[%clk 0:43:52]} Nd2 {[%clk 0:27:03]} 0-1

[Event "DVM U16 2022"]
[Site "Darmstadt GER"]
[Date "2022.12.29"]
[Round "5"]
[White "Kaiser, Jason"]
[Black "Lesser, Luan"]
[Result "0-1"]
[Termination "normal"]
[Board "6.3"]
[WhiteElo "1345"]
[BlackElo "1413"]
[WhiteClock "00:13:37"]
[BlackClock "00:17:37"]
[WhiteTeam "SF Neuberg"]
[BlackTeam "KSV Rochade Göttingen (Veltheim)"]
[PlyCount "56"]
[WhiteFideId "16275187"]
[BlackFideId "34640150"]
[EventCountry "GER"]
[EventRounds "7"]
[EventType "team-swiss"]
[EventDate "2022.12.26"]

1. e4 {[%clk 1:30:57]} g6 2. d4 {[%clk 1:31:06]} Bg7 {[%clk 1:31:08]} 3. Bf4
{[%clk 1:29:47]} d6 {[%clk 1:31:07]} 4. Nf3 {[%clk 1:28:38]} Nf6 {[%clk
1:30:55]} 5. Nbd2 {[%clk 1:27:27]} O-O {[%clk 1:31:01]} 6. Bd3 {[%clk 1:25:13]}
Nbd7 {[%clk 1:30:14]} 7. Nf1 {[%clk 1:22:10]} Nh5 {[%clk 1:27:07]} 8. Be3
{[%clk 1:18:16]} e5 {[%clk 1:25:31]} 9. c3 {[%clk 1:12:13]} c5 {[%clk 1:19:59]}
10. d5 {[%clk 1:09:09]} Nb6 {[%clk 1:17:56]} 11. Ng3 {[%clk 1:05:25]} Nxg3
{[%clk 1:14:27]} 12. hxg3 {[%clk 1:05:07]} f5 {[%clk 1:12:05]} 13. exf5 {[%clk
0:57:03]} gxf5 {[%clk 1:11:44]} 14. Ng5 {[%clk 0:51:09]} h6 {[%clk 0:59:07]}
15. Nh3 {[%clk 0:46:28]} f4 {[%clk 0:54:51]} 16. gxf4 {[%clk 0:41:03]} Bxh3
{[%clk 0:54:55]} 17. Rxh3 {[%clk 0:40:27]} exf4 {[%clk 0:54:21]} 18. Bd2 {[%clk
0:39:11]} Qg5 {[%clk 0:42:25]} 19. Qf3 {[%clk 0:34:01]} c4 {[%clk 0:39:53]} 20.
Rh5 {[%clk 0:31:02]} Qe7 {[%clk 0:35:16]} 21. Qe2 {[%clk 0:27:27]} Rae8 {[%clk
0:34:59]} 22. Qxe7 {[%clk 0:25:59]} Rxe7 {[%clk 0:35:27]} 23. Be2 {[%clk
0:20:52]} Rfe8 {[%clk 0:35:55]} 24. O-O-O {[%clk 0:20:57]} Rxe2 {[%clk
0:36:17]} 25. Bxf4 {[%clk 0:21:09]} Rxf2 {[%clk 0:36:01]} 26. Bxd6 {[%clk
0:21:02]} Ree2 {[%clk 0:35:54]} 27. Ba3 {[%clk 0:20:56]} Bxc3 {[%clk 0:18:34]}
28. bxc3 {[%clk 0:13:37]} Na4 {[%clk 0:17:37]} 0-1

[Event "DVM U16 2022"]
[Site "Darmstadt GER"]
[Date "2022.12.29"]
[Round "5"]
[White "Liestmann, Marius"]
[Black "Pomrehn, Ole Magnus"]
[Result "0-1"]
[Termination "normal"]
[Board "6.4"]
[WhiteElo "1292"]
[BlackElo "1525"]
[WhiteClock "00:40:30"]
[BlackClock "00:23:09"]
[WhiteTeam "KSV Rochade Göttingen (Veltheim)"]
[BlackTeam "SF Neuberg"]
[PlyCount "142"]
[WhiteFideId "34640169"]
[BlackFideId "16232704"]
[EventCountry "GER"]
[EventRounds "7"]
[EventType "team-swiss"]
[EventDate "2022.12.26"]

1. e4 {[%clk 1:30:59]} c6 {[%clk 1:30:45]} 2. Bd3 {[%clk 1:31:22]} d5 {[%clk
1:29:54]} 3. c3 {[%clk 1:31:45]} dxe4 {[%clk 1:30:03]} 4. Bxe4 {[%clk 1:32:09]}
Nf6 {[%clk 1:30:25]} 5. Bc2 {[%clk 1:32:34]} Bg4 {[%clk 1:30:30]} 6. f3 {[%clk
1:32:54]} Bh5 {[%clk 1:30:52]} 7. d4 {[%clk 1:33:15]} e6 {[%clk 1:31:11]} 8.
Ne2 {[%clk 1:33:36]} Bg6 {[%clk 1:31:27]} 9. O-O {[%clk 1:33:28]} Bd6 {[%clk
1:31:43]} 10. Nd2 {[%clk 1:25:24]} Qc7 {[%clk 1:31:31]} 11. g3 {[%clk 1:25:14]}
Nbd7 {[%clk 1:28:05]} 12. Ne4 {[%clk 1:25:10]} O-O {[%clk 1:27:03]} 13. a4
{[%clk 0:58:00]} a5 {[%clk 1:19:16]} 14. b3 {[%clk 0:51:55]} Rfe8 {[%clk
1:18:57]} 15. Nxd6 {[%clk 0:42:46]} Qxd6 {[%clk 1:19:10]} 16. Bf4 {[%clk
0:39:32]} Qe7 {[%clk 1:18:45]} 17. Re1 {[%clk 0:30:37]} Nb6 {[%clk 1:16:06]}
18. c4 {[%clk 0:26:55]} Qd7 {[%clk 1:04:24]} 19. Be3 {[%clk 0:26:14]} Nc8
{[%clk 1:01:13]} 20. Nc3 {[%clk 0:25:08]} Ne7 {[%clk 1:00:06]} 21. Be4 {[%clk
0:24:28]} Nf5 {[%clk 0:51:52]} 22. Ra2 {[%clk 0:19:52]} Nxe3 {[%clk 0:27:58]}
23. Rxe3 {[%clk 0:20:08]} Bxe4 {[%clk 0:20:37]} 24. fxe4 {[%clk 0:20:03]} Red8
{[%clk 0:20:24]} 25. Rd3 {[%clk 0:19:54]} Qc7 {[%clk 0:13:04]} 26. Rad2 {[%clk
0:16:10]} Rd7 {[%clk 0:11:09]} 27. d5 {[%clk 0:14:12]} exd5 {[%clk 0:11:08]}
28. exd5 {[%clk 0:14:14]} cxd5 {[%clk 0:10:55]} 29. Nxd5 {[%clk 0:14:25]} Nxd5
{[%clk 0:11:14]} 30. Rxd5 {[%clk 0:14:48]} Rxd5 {[%clk 0:11:34]} 31. Rxd5
{[%clk 0:15:13]} Re8 {[%clk 0:10:28]} 32. Rd7 {[%clk 0:15:03]} Qc5 {[%clk
0:09:32]} 33. Qd4 {[%clk 0:14:34]} Qxd4 {[%clk 0:08:40]} 34. Rxd4 {[%clk
0:14:58]} b6 {[%clk 0:08:36]} 35. Rd5 {[%clk 0:15:13]} Rc8 {[%clk 0:07:49]} 36.
Rb5 {[%clk 0:15:11]} Rc6 {[%clk 0:07:33]} 37. c5 {[%clk 0:15:23]} Rxc5 {[%clk
0:07:53]} 38. Rxb6 {[%clk 0:15:48]} Kf8 {[%clk 0:08:04]} 39. Rb7 {[%clk
0:15:32]} Ke8 {[%clk 0:07:55]} 40. h4 {[%clk 0:15:27]} Rd5 {[%clk 0:03:16]} 41.
Kf2 {[%clk 0:15:05]} Rd7 {[%clk 0:00:52]} 42. Rb5 {[%clk 0:14:18]} Ra7 {[%clk
0:01:15]} 43. Ke3 {[%clk 0:14:39]} Ke7 {[%clk 0:01:40]} 44. Kd4 {[%clk
0:14:53]} Kd6 {[%clk 0:30:23]} 45. Rb6 {[%clk 0:45:12]} Kc7 {[%clk 0:30:09]}
46. Kc5 {[%clk 0:45:35]} f5 {[%clk 0:28:59]} 47. h5 {[%clk 0:43:20]} Ra8 {[%clk
0:28:25]} 48. Kb5 {[%clk 0:43:03]} Kd8 {[%clk 0:26:55]} 49. Ra6 {[%clk
0:43:16]} Rb8 {[%clk 0:27:15]} 50. Kc4 {[%clk 0:43:37]} Rb4 {[%clk 0:27:26]}
51. Kc3 {[%clk 0:43:37]} Rg4 {[%clk 0:27:45]} 52. Rxa5 {[%clk 0:43:37]} Rxg3
{[%clk 0:28:06]} 53. Kc4 {[%clk 0:43:53]} Rg4 {[%clk 0:28:05]} 54. Kd5 {[%clk
0:44:10]} Rb4 {[%clk 0:23:02]} 55. Rb5 {[%clk 0:44:16]} Rxb5 {[%clk 0:22:49]}
56. axb5 {[%clk 0:44:40]} g6 {[%clk 0:22:42]} 57. h6 {[%clk 0:43:36]} Kc7
{[%clk 0:22:51]} 58. Ke5 {[%clk 0:38:10]} Kb6 {[%clk 0:23:10]} 59. Kf6 {[%clk
0:38:32]} f4 {[%clk 0:23:32]} 60. Kg7 {[%clk 0:38:56]} f3 {[%clk 0:23:48]} 61.
Kxh7 {[%clk 0:38:51]} f2 {[%clk 0:24:14]} 62. Kxg6 {[%clk 0:39:15]} f1=Q {[%clk
0:24:28]} 63. h7 {[%clk 0:38:32]} Qd3 {[%clk 0:24:22]} 64. Kg7 {[%clk 0:38:26]}
Qd4 {[%clk 0:24:26]} 65. Kg8 {[%clk 0:38:38]} Qd8 {[%clk 0:23:31]} 66. Kg7
{[%clk 0:38:53]} Qe7 {[%clk 0:22:44]} 67. Kg8 {[%clk 0:39:12]} Qg5 {[%clk
0:22:17]} 68. Kf7 {[%clk 0:39:20]} Qh6 {[%clk 0:22:19]} 69. Kg8 {[%clk
0:39:44]} Qg6 {[%clk 0:22:33]} 70. Kh8 {[%clk 0:40:12]} Qf7 {[%clk 0:22:50]}
71. b4 {[%clk 0:40:30]} Qf8# {[%clk 0:23:09]} 0-1

[Event "DVM U16 2022"]
[Site "Darmstadt GER"]
[Date "2022.12.29"]
[Round "5"]
[White "Uhlmann, Tim"]
[Black "Lerchl, Clemens"]
[Result "0-1"]
[Termination "normal"]
[Board "7.1"]
[WhiteElo "1745"]
[BlackElo "1958"]
[WhiteClock "00:43:59"]
[BlackClock "00:40:14"]
[WhiteTeam "SF Neureut 1953 e.V."]
[BlackTeam "Schach-Club Vaterstetten-Grasbrunn"]
[PlyCount "82"]
[WhiteFideId "16239210"]
[BlackFideId "16226372"]
[EventCountry "GER"]
[EventRounds "7"]
[EventType "team-swiss"]
[EventDate "2022.12.26"]

1. e4 {[%clk 1:30:55]} c5 {[%clk 1:30:55]} 2. Nf3 {[%clk 1:31:21]} d6 {[%clk
1:31:21]} 3. d4 {[%clk 1:31:42]} cxd4 {[%clk 1:31:48]} 4. Nxd4 {[%clk 1:32:03]}
Nf6 {[%clk 1:32:13]} 5. f3 {[%clk 1:32:28]} e5 {[%clk 1:28:16]} 6. Nb3 {[%clk
1:32:50]} Be6 {[%clk 1:28:31]} 7. c4 {[%clk 1:33:11]} Qc7 {[%clk 1:26:37]} 8.
Be3 {[%clk 1:29:31]} Nbd7 {[%clk 1:24:28]} 9. Na3 {[%clk 1:29:07]} a6 {[%clk
1:24:22]} 10. Be2 {[%clk 1:29:15]} Nb6 {[%clk 1:22:46]} 11. Rc1 {[%clk
1:27:19]} Nfd7 {[%clk 1:19:09]} 12. O-O {[%clk 1:27:04]} Be7 {[%clk 1:18:13]}
13. Qd2 {[%clk 1:26:42]} f5 {[%clk 1:16:56]} 14. Bd3 {[%clk 1:20:13]} f4 {[%clk
1:17:03]} 15. Bf2 {[%clk 1:20:36]} g5 {[%clk 1:15:36]} 16. Be2 {[%clk 1:19:14]}
h5 {[%clk 1:14:56]} 17. h3 {[%clk 1:19:22]} Kf7 {[%clk 1:13:21]} 18. Kh1 {[%clk
1:10:18]} g4 {[%clk 1:09:27]} 19. Rg1 {[%clk 1:10:34]} gxh3 {[%clk 1:06:35]}
20. gxh3 {[%clk 1:10:56]} Bxh3 {[%clk 1:04:36]} 21. Bf1 {[%clk 1:10:29]} Be6
{[%clk 1:04:17]} 22. Bxb6 {[%clk 1:09:52]} Qxb6 {[%clk 1:03:23]} 23. Qh2 {[%clk
1:07:30]} Nf6 {[%clk 0:59:17]} 24. Bh3 {[%clk 1:03:19]} Ng4 {[%clk 0:55:29]}
25. fxg4 {[%clk 0:58:37]} hxg4 {[%clk 0:55:47]} 26. Rc3 {[%clk 0:59:01]} g3
{[%clk 0:51:56]} 27. Rgxg3 {[%clk 0:58:27]} fxg3 {[%clk 0:52:18]} 28. Rxg3
{[%clk 0:58:51]} Rag8 {[%clk 0:43:47]} 29. Bxe6 {[%clk 0:54:01]} Kxe6 {[%clk
0:44:04]} 30. Rxg8 {[%clk 0:54:16]} Rxh2 {[%clk 0:43:48]} 31. Kxh2 {[%clk
0:54:40]} Qf2 {[%clk 0:43:53]} 32. Rg2 {[%clk 0:54:56]} Qh4 {[%clk 0:42:39]}
33. Kg1 {[%clk 0:55:21]} Qxe4 {[%clk 0:42:45]} 34. Kf1 {[%clk 0:45:51]} Qd3
{[%clk 0:39:39]} 35. Re2 {[%clk 0:45:28]} Qd1 {[%clk 0:39:43]} 36. Re1 {[%clk
0:45:17]} Qf3 {[%clk 0:40:07]} 37. Kg1 {[%clk 0:45:43]} Qg3 {[%clk 0:39:34]}
38. Kf1 {[%clk 0:46:00]} Bh4 {[%clk 0:39:41]} 39. Nd4 {[%clk 0:43:47]} Kd7
{[%clk 0:39:49]} 40. Re2 {[%clk 0:44:00]} exd4 {[%clk 0:40:10]} 41. Rc2 {[%clk
0:43:59]} d3 {[%clk 0:40:14]} 0-1

[Event "DVM U16 2022"]
[Site "Darmstadt GER"]
[Date "2022.12.29"]
[Round "5"]
[White "Popovici, Liviu-Daniel"]
[Black "Scheinmaier, Mark"]
[Result "0-1"]
[Termination "normal"]
[Board "7.2"]
[WhiteElo "1594"]
[BlackElo "1557"]
[WhiteClock "00:11:56"]
[BlackClock "00:06:53"]
[WhiteTeam "Schach-Club Vaterstetten-Grasbrunn"]
[BlackTeam "SF Neureut 1953 e.V."]
[PlyCount "86"]
[WhiteFideId "1253689"]
[BlackFideId "16238958"]
[EventCountry "GER"]
[EventRounds "7"]
[EventType "team-swiss"]
[EventDate "2022.12.26"]

1. e4 {[%clk 1:30:57]} e5 {[%clk 1:30:51]} 2. Nf3 {[%clk 1:31:18]} Nf6 {[%clk
1:31:13]} 3. Nxe5 {[%clk 1:30:47]} d6 {[%clk 1:31:34]} 4. Nf3 {[%clk 1:31:10]}
Nxe4 {[%clk 1:31:59]} 5. Qe2 {[%clk 1:30:37]} Qe7 {[%clk 1:32:17]} 6. d4 {[%clk
1:30:07]} d5 {[%clk 1:32:27]} 7. Nc3 {[%clk 1:29:31]} c6 {[%clk 1:28:05]} 8. a3
{[%clk 1:23:35]} Bg4 {[%clk 1:25:15]} 9. Be3 {[%clk 1:20:30]} Nd7 {[%clk
1:24:31]} 10. h3 {[%clk 1:18:11]} Bh5 {[%clk 1:23:56]} 11. g4 {[%clk 1:11:00]}
Bg6 {[%clk 1:24:06]} 12. Nxe4 {[%clk 1:10:24]} Bxe4 {[%clk 1:22:13]} 13. Bg2
{[%clk 1:09:23]} h6 {[%clk 1:20:56]} 14. O-O {[%clk 0:55:40]} g5 {[%clk
1:16:43]} 15. Rfe1 {[%clk 0:52:48]} f5 {[%clk 0:48:15]} 16. gxf5 {[%clk
0:43:14]} Kf7 {[%clk 0:48:04]} 17. Ne5 {[%clk 0:36:24]} Nxe5 {[%clk 0:47:31]}
18. Bxe4 {[%clk 0:35:44]} dxe4 {[%clk 0:38:15]} 19. dxe5 {[%clk 0:31:42]} Qxe5
{[%clk 0:37:29]} 20. Qc4 {[%clk 0:31:49]} Qd5 {[%clk 0:37:25]} 21. Qxd5 {[%clk
0:31:34]} cxd5 {[%clk 0:37:39]} 22. Bd4 {[%clk 0:31:46]} Rh7 {[%clk 0:37:12]}
23. c4 {[%clk 0:31:44]} a6 {[%clk 0:28:18]} 24. cxd5 {[%clk 0:30:36]} Rd8
{[%clk 0:28:21]} 25. Rxe4 {[%clk 0:30:39]} Rxd5 {[%clk 0:28:34]} 26. f6 {[%clk
0:29:55]} Bc5 {[%clk 0:24:01]} 27. Bxc5 {[%clk 0:27:18]} Rxc5 {[%clk 0:24:23]}
28. Re7 {[%clk 0:27:43]} Kg6 {[%clk 0:24:23]} 29. Rae1 {[%clk 0:27:01]} Rc7
{[%clk 0:23:55]} 30. R7e3 {[%clk 0:24:25]} Rhf7 {[%clk 0:22:03]} 31. Kg2 {[%clk
0:23:45]} Rxf6 {[%clk 0:21:59]} 32. R1e2 {[%clk 0:23:39]} Rfc6 {[%clk 0:19:47]}
33. b4 {[%clk 0:20:34]} Rc3 {[%clk 0:15:45]} 34. Re6 {[%clk 0:19:08]} Kh5
{[%clk 0:14:56]} 35. Re7 {[%clk 0:14:34]} Rxe7 {[%clk 0:10:33]} 36. Rxe7 {[%clk
0:14:59]} b5 {[%clk 0:10:50]} 37. Re3 {[%clk 0:12:58]} Rxe3 {[%clk 0:09:55]}
38. fxe3 {[%clk 0:13:24]} Kg6 {[%clk 0:10:13]} 39. Kf3 {[%clk 0:12:21]} h5
{[%clk 0:09:14]} 40. Kg3 {[%clk 0:11:13]} Kf5 {[%clk 0:06:48]} 41. Kf3 {[%clk
0:11:27]} g4 {[%clk 0:06:23]} 42. hxg4 {[%clk 0:11:29]} hxg4 {[%clk 0:06:46]}
43. Kg3 {[%clk 0:11:56]} Ke4 {[%clk 0:06:53]} 0-1